Association La Loure, Portr’Haie Héritage et devenir du paysage de bocage, Vire, La Loure, coll. « Empreintes n° 1 », Loure 18, 2023, 199 p. (notice n° 1629263)
[ vue normale ]
| 000 -LEADER | |
|---|---|
| fixed length control field | 00594cam a2200145 4500500 |
| 005 - DATE AND TIME OF LATEST TRANSACTION | |
| control field | 20260111094755.0 |
| 041 ## - LANGUAGE CODE | |
| Language code of text/sound track or separate title | fre |
| 042 ## - AUTHENTICATION CODE | |
| Authentication code | dc |
| 100 10 - MAIN ENTRY--PERSONAL NAME | |
| Personal name | Leblanc, Edgar |
| Relator term | author |
| 245 00 - TITLE STATEMENT | |
| Title | Association La Loure, Portr’Haie Héritage et devenir du paysage de bocage, Vire, La Loure, coll. « Empreintes n° 1 », Loure 18, 2023, 199 p. |
| 260 ## - PUBLICATION, DISTRIBUTION, ETC. | |
| Date of publication, distribution, etc. | 2025.<br/> |
| 500 ## - GENERAL NOTE | |
| General note | 2 |
| 786 0# - DATA SOURCE ENTRY | |
| Note | Histoire & Sociétés Rurales | 63 | 1 | 2025-11-13 | p. 222-222 | 1254-728X |
| 856 41 - ELECTRONIC LOCATION AND ACCESS | |
| Uniform Resource Identifier | <a href="https://shs.cairn.info/revue-histoire-societes-rurales-2025-1-page-222?lang=fr&redirect-ssocas=7080">https://shs.cairn.info/revue-histoire-societes-rurales-2025-1-page-222?lang=fr&redirect-ssocas=7080</a> |
Pas d'exemplaire disponible.




Réseaux sociaux